[Event "Villa Ballester op 73rd"]
[Site "Buenos Aires"]
[Date "2024.01.23"]
[Round "5"]
[White "Fernandes, Martin"]
[Black "Perez Novoa, Lucas"]
[Result "1-0"]
[WhiteElo "1999"]
[BlackElo "1758"]
[PlyCount "81"]
[EventDate "2024.01.19"]
[EventType "swiss"]
[EventRounds "9"]
[EventCountry "ARG"]
[SourceTitle "CB06_2024"]
[SourceDate "2024.02.07"]
[SourceVersion "1"]
[SourceVersionDate "2024.02.07"]
[SourceQuality "1"]

1. e4 c5 2. Nf3 Nc6 3. Bb5 Nf6 4. Bxc6 dxc6 5. d3 g6 6. Nc3 Bg7 7. Be3 b6 8. Qd2 Ng4 9. Bf4 e5 10. Bg5 f6 11. Bh4 Qc7 12. h3 Nh6 13. Bxf6 Bxf6 14. Qxh6 Bg7 15. Qg5 0-0 16. Nd1 Rf4 17. Ne3 Be6 18. h4 Bf6 19. Qg3 Qg7 20. h5 g5 21. h6 Qg6 22. 0-0-0 g4 23. Nh4 Qxh6 24. Nhf5 Qg5 25. Kb1 h5 26. f3 Bxf5 27. Nxf5 Kf7 28. fxg4 Rxg4 29. Qf3 Rh8 30. g3 Ke6 31. Rdf1 Qg6 32. Rh3 Rg5 33. Rfh1 Rg4 34. Rc1 Rg5 35. Rh2 Rg4 36. a3 Bd8 37. Rch1 Bf6 38. Qe2 Rg5 39. Qd2 Kd7 40. Rf2 Rg4 41. Rhf1 1-0

[Event "Vicente Lopez ProAm 100 Years op"]
[Site "Buenos Aires"]
[Date "2022.10.14"]
[Round "4"]
[White "Perez Novoa, Lucas"]
[Black "Battan, Adrian"]
[Result "1-0"]
[WhiteElo "1734"]
[BlackElo "1947"]
[PlyCount "57"]
[EventDate "2022.10.11"]
[EventType "swiss"]
[EventRounds "9"]
[EventCountry "ARG"]
[SourceTitle "CBM 210 Extra"]
[Source "ChessBase"]
[SourceDate "2022.11.30"]
[SourceVersion "1"]
[SourceVersionDate "2022.11.30"]
[SourceQuality "1"]

1. d4 Nf6 2. Nf3 d5 3. Bf4 e6 4. e3 Be7 5. Bd3 0-0 6. Nbd2 c5 7. c3 c4 8. Bc2 Nc6 9. e4 Nh5 10. Be3 f5 11. exf5 exf5 12. Ne5 Qe8 13. Ndf3 f4 14. Bd2 Bd6 15. 0-0 Bxe5 16. Re1 Bg4 17. h3 Bf5 18. Nxe5 Bxc2 19. Qxc2 Nxe5 20. Rxe5 Qf7 21. Qd1 g6 22. Qf3 Rad8 23. Rae1 Rd7 24. Qg4 Kh8 25. Qg5 Rb8 26. Re7 Rxe7 27. Rxe7 Qf8 28. Qe5+ Qf6 29. Qxb8+ 1-0

[Event "Vicente Lopez ProAm 100 Years op"]
[Site "Buenos Aires"]
[Date "2022.10.13"]
[Round "3"]
[White "Oro, Faustino"]
[Black "Perez Novoa, Lucas"]
[Result "1-0"]
[WhiteElo "2140"]
[BlackElo "1734"]
[PlyCount "95"]
[EventDate "2022.10.11"]
[EventType "swiss"]
[EventRounds "9"]
[EventCountry "ARG"]
[SourceTitle "CBM 210 Extra"]
[Source "ChessBase"]
[SourceDate "2022.11.30"]
[SourceVersion "1"]
[SourceVersionDate "2022.11.30"]
[SourceQuality "1"]

1. e4 c5 2. Nf3 Nc6 3. d4 cxd4 4. Nxd4 Nf6 5. Nc3 e5 6. Ndb5 d6 7. Nd5 Nxd5 8. exd5 Nb8 9. a4 Be7 10. Be2 0-0 11. 0-0 Nd7 12. Be3 f5 13. Nxa7 f4 14. Nxc8 Qxc8 15. Bd2 e4 16. Bg4 Qe8 17. Re1 Ne5 18. Be6+ Kh8 19. Rxe4 f3 20. g3 Qg6 21. Qe1 h5 22. Bc3 Bf6 23. Bxe5 Bxe5 24. c3 Rf4 25. Rxf4 Bxf4 26. Kh1 Be5 27. Qe3 Rxa4 28. Re1 Qf6 29. Qd3 Ra5 30. Qc4 Qd8 31. Bf5 Rc5 32. Qd3 Qf6 33. Ra1 g6 34. Bxg6 h4 35. Bh5 hxg3 36. hxg3 Rc8 37. Bxf3 Kg7 38. Kg2 Rh8 39. Rh1 Rxh1 40. Kxh1 Qh6+ 41. Kg2 Qc1 42. Qb5 Qb1 43. Qxb7+ Kf6 44. Qb4 Qc1 45. Qh4+ Kg7 46. Qe7+ Kh6 47. Qf8+ Kg5 48. Be4 1-0